[Event "Gibtelecom Masters 2nd"]
[Site "Gibraltar"]
[Date "2004.02.01"]
[Round "6.20"]
[White "Meenakshi, Subbaraman"]
[Black "Ward, Chris"]
[Result "1/2-1/2"]
[WhiteElo "2328"]
[BlackElo "2522"]
[PlyCount "137"]
[EventDate "2004.01.27"]
[EventType "swiss"]
[EventRounds "10"]
[EventCountry "GGB"]
[SourceTitle "BritBase"]
[Source "www.saund.co.uk"]
[SourceDate "2018.02.10"]
[SourceVersion "1"]
[SourceVersionDate "2018.02.10"]
[SourceQuality "1"]

1. d4 Nf6 2. c4 c5 3. d5 e6 4. Nc3 exd5 5. cxd5 d6 6. Nf3 g6 7. Nd2 Bg7 8. e4
O-O 9. Be2 Na6 10. O-O Nc7 11. a4 b6 12. Nc4 Ba6 13. Na3 Bxe2 14. Qxe2 Re8 15.
Qd3 a6 16. Nc4 Rb8 17. Bf4 Nh5 18. Qf3 Nxf4 19. Qxf4 Be5 20. Nxe5 dxe5 21. Qe3
Qd6 22. f4 f6 23. f5 g5 24. h4 gxh4 25. Ne2 Kh8 26. Rac1 a5 27. Qh6 Rg8 28.
Qxh4 Rg5 29. Rf3 Rbg8 30. Rg3 Qe7 31. Rd1 Ne8 32. Rdd3 c4 33. Rc3 Qc5+ 34. Kf1
Nd6 35. Rxg5 Rxg5 36. Rg3 Nf7 37. Rxg5 Nxg5 38. Nc3 Kg7 39. Qf2 Qd4 40. Qe2 Kf8
41. Qh5 Nxe4 42. Qh6+ Kg8 43. Nxe4 Qxe4 44. Qxf6 Qxd5 45. Qxb6 Qd3+ 46. Ke1
Qxf5 47. Qb8+ Kg7 48. Qc7+ Kg6 49. Qxc4 Qb1+ 50. Kf2 Qxb2+ 51. Kg3 Qa3+ 52. Kf2
Qe7 53. Ke2 Kg5 54. Qe4 h5 55. Qe3+ Kf5 56. Qf3+ Kg6 57. Qe4+ Kh6 58. Qc6+ Kg5
59. Qc1+ Kg6 60. Qc3 Qg5 61. Qc6+ Qf6 62. Qc3 Qa6+ 63. Ke3 Kf5 64. Qc2+ Kg5 65.
Qc7 Kf5 66. Qf7+ Kg5 67. Qg7+ Kf5 68. Qf7+ Kg5 69. Qg7+ 1/2-1/2

[Event "Gibtelecom Masters 2nd"]
[Site "Gibraltar"]
[Date "2004.02.01"]
[Round "6.21"]
[White "Fellousi, Abdelaziz"]
[Black "Del Rio de Angelis, Salvador Gabriel"]
[Result "1/2-1/2"]
[WhiteElo "2188"]
[BlackElo "2504"]
[PlyCount "131"]
[EventDate "2004.01.27"]
[EventType "swiss"]
[EventRounds "10"]
[EventCountry "GGB"]
[SourceTitle "BritBase"]
[Source "www.saund.co.uk"]
[SourceDate "2018.02.10"]
[SourceVersion "1"]
[SourceVersionDate "2018.02.10"]
[SourceQuality "1"]

1. e4 e5 2. Nf3 d6 3. d4 Nf6 4. dxe5 Nxe4 5. Bc4 c6 6. exd6 Bxd6 7. O-O O-O 8.
Nbd2 Nf6 9. h3 Qc7 10. Re1 h6 11. Nf1 Rd8 12. Qe2 Bf5 13. Ne3 Bh7 14. Bd2 Nbd7
15. Rad1 Nb6 16. Ba5 Re8 17. Bd3 Ne4 18. Nd2 Nxd2 19. Bxh7+ Kxh7 20. Qxd2 Rad8
21. Qd3+ Kg8 22. Qb3 Bc5 23. Rxd8 Qxd8 24. Rd1 Qe7 25. Bxb6 Bxb6 26. Rd3 h5 27.
Qc4 g6 28. g3 Qf6 29. Qc3 Qxc3 30. Rxc3 Rd8 31. Nc4 Bc7 32. Rd3 Rxd3 33. cxd3
b5 34. Ne3 Kg7 35. Kf1 Kf6 36. Ke2 Be5 37. b3 Ke6 38. f4 Bc7 39. Kf3 Bb6 40.
Nc2 a5 41. g4 hxg4+ 42. hxg4 Kd5 43. Ke2 Bc7 44. Ke3 Bb6+ 45. d4 c5 46. dxc5
Bxc5+ 47. Kd3 f6 48. Ne1 Bd6 49. Ke3 Bc5+ 50. Kd3 Bf2 51. Nc2 f5 52. gxf5 gxf5
53. Na3 Bc5 54. Nc2 Bg1 55. Ne1 Bc5 56. Nc2 Bd6 57. Ke3 Bc5+ 58. Kd3 Bd6 59.
Ne1 Ba3 60. Nc2 Bc5 61. Ne1 Bd6 62. Ke3 Ba3 63. Kd3 Bb2 64. Ng2 Bc1 65. Nh4
Bxf4 66. Nxf5 1/2-1/2

[Event "Gibtelecom Masters 2nd"]
[Site "Gibraltar"]
[Date "2004.02.01"]
[Round "6.22"]
[White "Shaw, John K"]
[Black "Mohota, Nisha"]
[Result "1/2-1/2"]
[WhiteElo "2465"]
[BlackElo "2337"]
[PlyCount "125"]
[EventDate "2004.01.27"]
[EventType "swiss"]
[EventRounds "10"]
[EventCountry "GGB"]
[SourceTitle "BritBase"]
[Source "www.saund.co.uk"]
[SourceDate "2018.02.10"]
[SourceVersion "1"]
[SourceVersionDate "2018.02.10"]
[SourceQuality "1"]

1. e4 d5 2. exd5 Qxd5 3. Nc3 Qa5 4. Nf3 Nf6 5. d4 Bf5 6. Bc4 c6 7. Bd2 e6 8.
Qe2 Bb4 9. Ne5 Nbd7 10. Nxd7 Nxd7 11. a3 Nf6 12. O-O-O Bxc3 13. Bxc3 Qc7 14. f3
Nd5 15. Be1 Qf4+ 16. Rd2 O-O 17. g4 Bg6 18. Bg3 Qe3 19. Bb3 Qxe2 20. Rxe2 Rfd8
21. c4 Nf6 22. Rd1 Rd7 23. Be5 Rad8 24. Red2 b5 25. Ba2 bxc4 26. Bxf6 gxf6 27.
Bxc4 Kf8 28. b3 Ke7 29. Kb2 h5 30. h3 Rh8 31. Bf1 Rhd8 32. Kc3 Kd6 33. Bg2 Rb7
34. f4 Rdb8 35. Rb2 hxg4 36. hxg4 Rh8 37. f5 exf5 38. Rf1 Rh4 39. gxf5 Bh5 40.
Rh1 Rxh1 41. Bxh1 Re7 42. Kd3 Re1 43. Be4 Rd1+ 44. Rd2 a5 45. Rxd1 Bxd1 46. Kc4
Be2+ 47. Bd3 Bf3 48. b4 axb4 49. Kxb4 Kd5 50. Kc3 Bd1 51. Bf1 Ke4 52. Bg2+ Kxf5
53. Bxc6 Ke6 54. Kd2 Bb3 55. Ke3 Kd6 56. Bf3 Ba4 57. Kd3 f5 58. Kc4 f4 59. d5
f5 60. Kd4 Bb3 61. Kc3 Bxd5 62. Bxd5 Kxd5 63. Kd3 1/2-1/2

[Event "Gibtelecom Masters 2nd"]
[Site "Gibraltar"]
[Date "2004.02.01"]
[Round "6.24"]
[White "Houska, Jovanka"]
[Black "Bolt, Graham"]
[Result "1-0"]
[WhiteElo "2370"]
[BlackElo "2095"]
[PlyCount "73"]
[EventDate "2004.01.27"]
[EventType "swiss"]
[EventRounds "10"]
[EventCountry "GGB"]
[SourceTitle "BritBase"]
[Source "www.saund.co.uk"]
[SourceDate "2018.02.10"]
[SourceVersion "1"]
[SourceVersionDate "2018.02.10"]
[SourceQuality "1"]

1. e4 c5 2. Nc3 Nc6 3. g3 e6 4. Bg2 Nge7 5. Nge2 Ng6 6. O-O Be7 7. f4 O-O 8. b3
d6 9. Bb2 Bf6 10. Kh1 Nge7 11. e5 dxe5 12. Ne4 Nd5 13. c4 Ndb4 14. Nxf6+ Qxf6
15. fxe5 Qg6 16. Nf4 Qc2 17. Qxc2 Nxc2 18. Rac1 N2d4 19. Nd3 Rb8 20. Nxc5 Rd8
21. Bxc6 Nxc6 22. Bc3 b6 23. Ne4 Bb7 24. Nd6 Ba8 25. Kg1 f6 26. d4 f5 27. b4
Ne7 28. a4 Nc8 29. Bd2 Nxd6 30. exd6 Rbc8 31. c5 Bd5 32. Rc3 h6 33. Bf4 a6 34.
b5 axb5 35. axb5 bxc5 36. dxc5 Rb8 37. c6 1-0

[Event "Gibtelecom Masters 2nd"]
[Site "Gibraltar"]
[Date "2004.02.01"]
[Round "6.25"]
[White "Fossum, Oystein Boyum"]
[Black "Poluljahov, Aleks"]
[Result "1/2-1/2"]
[WhiteElo "2126"]
[BlackElo "2526"]
[PlyCount "73"]
[EventDate "2004.01.27"]
[EventType "swiss"]
[EventRounds "10"]
[EventCountry "GGB"]
[SourceTitle "BritBase"]
[Source "www.saund.co.uk"]
[SourceDate "2018.02.10"]
[SourceVersion "1"]
[SourceVersionDate "2018.02.10"]
[SourceQuality "1"]

1. c4 Nf6 2. g3 e6 3. Bg2 d5 4. Nf3 dxc4 5. Qa4+ c6 6. Qxc4 b5 7. Qc2 Bb7 8. d4
Nbd7 9. O-O c5 10. dxc5 Bxc5 11. Nc3 Rc8 12. Qd3 b4 13. Na4 Be4 14. Qd2 Be7 15.
Nd4 O-O 16. b3 Nc5 17. Nxc5 Rxc5 18. Nf3 Qb6 19. Qe1 Qb7 20. Be3 Rc2 21. Nd4
Rc3 22. Bxe4 Nxe4 23. Rc1 Rd8 24. Nf3 Qa6 25. Bd4 Rxc1 26. Qxc1 Qxe2 27. Qc7
Kf8 28. Kg2 Ng5 29. Nxg5 Rxd4 30. Qxa7 Rd5 31. Nxh7+ Ke8 32. Qa8+ Rd8 33. Qc6+
Rd7 34. Qa8+ Rd8 35. Qc6+ Rd7 36. Qa8+ Rd8 37. Qc6+ 1/2-1/2

[Event "Gibtelecom Masters 2nd"]
[Site "Gibraltar"]
[Date "2004.02.01"]
[Round "6.26"]
[White "Vea, Odin Blikra"]
[Black "Contin, Daniel"]
[Result "0-1"]
[WhiteElo "2053"]
[BlackElo "2394"]
[PlyCount "50"]
[EventDate "2004.01.27"]
[EventType "swiss"]
[EventRounds "10"]
[EventCountry "GGB"]
[SourceTitle "BritBase"]
[Source "www.saund.co.uk"]
[SourceDate "2018.02.10"]
[SourceVersion "1"]
[SourceVersionDate "2018.02.10"]
[SourceQuality "1"]

1. e4 e6 2. d4 d5 3. Nd2 c5 4. exd5 exd5 5. Ngf3 Nf6 6. Bb5+ Bd7 7. Bxd7+ Nbxd7
8. O-O Be7 9. dxc5 Nxc5 10. Nd4 Qd7 11. N2f3 O-O 12. Bg5 Nce4 13. Ne5 Qc8 14.
Bh4 Re8 15. f3 Nd6 16. Re1 Qc7 17. Kh1 Nfe4 18. Bg3 Nxg3+ 19. hxg3 Bf6 20. f4
Ne4 21. Nb5 Qc5 22. Rxe4 dxe4 23. Nc3 Bxe5 24. Nxe4 Qc6 25. fxe5 Qxe4 0-1

[Event "Gibtelecom Masters 2nd"]
[Site "Gibraltar"]
[Date "2004.02.01"]
[Round "6.27"]
[White "Speck, Nick"]
[Black "Hagesaether, Arne"]
[Result "1-0"]
[WhiteElo "2381"]
[BlackElo "2058"]
[PlyCount "101"]
[EventDate "2004.01.27"]
[EventType "swiss"]
[EventRounds "10"]
[EventCountry "GGB"]
[SourceTitle "BritBase"]
[Source "www.saund.co.uk"]
[SourceDate "2018.02.10"]
[SourceVersion "1"]
[SourceVersionDate "2018.02.10"]
[SourceQuality "1"]

1. e4 c6 2. d4 d5 3. exd5 cxd5 4. c4 Nf6 5. Nc3 e6 6. Nf3 Be7 7. Bg5 O-O 8. Bd3
dxc4 9. Bxc4 a6 10. O-O b5 11. Bb3 Bb7 12. Re1 b4 13. Na4 Nbd7 14. Qd3 Bc6 15.
Rac1 Bb5 16. Qe3 Bxa4 17. Bxa4 Nd5 18. Bxe7 Qxe7 19. Qe2 N7f6 20. Ne5 Nf4 21.
Qd2 N6d5 22. g3 Ng6 23. Nd3 Rfd8 24. Rc5 Rab8 25. Bb3 Nf6 26. d5 Qd6 27. Rc6
Qd7 28. Rxa6 Nxd5 29. Qe2 Qc8 30. Ra7 Rb7 31. Rxb7 Qxb7 32. h4 Nge7 33. Qe4 Qb6
34. h5 h6 35. Rc1 Qd6 36. Qe5 Qb6 37. Qe4 Qd6 38. Rd1 Qb6 39. Nxb4 Nf6 40.
Rxd8+ Qxd8 41. Nc6 Nxc6 42. Qxc6 Nxh5 43. Ba4 Qd4 44. Qe8+ Kh7 45. Bc2+ f5 46.
Qxh5 Qxb2 47. Qe2 Qf6 48. a4 g6 49. Bb3 e5 50. Qc4 h5 51. Qf7+ 1-0

[Event "Gibtelecom Masters 2nd"]
[Site "Gibraltar"]
[Date "2004.02.01"]
[Round "6.30"]
[White "Agdestein, Emil"]
[Black "Roberts, Paul"]
[Result "1/2-1/2"]
[WhiteElo "1999"]
[BlackElo "2242"]
[PlyCount "50"]
[EventDate "2004.01.27"]
[EventType "swiss"]
[EventRounds "10"]
[EventCountry "GGB"]
[SourceTitle "BritBase"]
[Source "www.saund.co.uk"]
[SourceDate "2018.02.10"]
[SourceVersion "1"]
[SourceVersionDate "2018.02.10"]
[SourceQuality "1"]

1. e4 Nc6 2. Nc3 e6 3. d4 d5 4. Bb5 a6 5. Bxc6+ bxc6 6. Nf3 Nf6 7. e5 Nd7 8.
Bg5 Be7 9. Bxe7 Qxe7 10. O-O O-O 11. Na4 c5 12. c3 cxd4 13. cxd4 c5 14. dxc5
Nxc5 15. Nxc5 Qxc5 16. Qd4 Qxd4 17. Nxd4 Rb8 18. b3 Bd7 19. a3 f6 20. f4 fxe5
21. fxe5 Rxf1+ 22. Rxf1 Rc8 23. Rd1 Rc3 24. Kf2 Kf7 25. a4 Ke7 1/2-1/2

[Event "Gibtelecom Masters 2nd"]
[Site "Gibraltar"]
[Date "2004.02.01"]
[Round "6.32"]
[White "Heyl, Thomas"]
[Black "Nadig, Kruttika"]
[Result "1/2-1/2"]
[WhiteElo "2059"]
[BlackElo "2159"]
[PlyCount "41"]
[EventDate "2004.01.27"]
[EventType "swiss"]
[EventRounds "10"]
[EventCountry "GGB"]
[SourceTitle "BritBase"]
[Source "www.saund.co.uk"]
[SourceDate "2018.02.10"]
[SourceVersion "1"]
[SourceVersionDate "2018.02.10"]
[SourceQuality "1"]

1. d4 Nf6 2. Nf3 g6 3. Bg5 Bg7 4. Nbd2 d5 5. e3 O-O 6. Bd3 c5 7. c3 Nc6 8. O-O
Re8 9. h3 Nd7 10. Bb5 Qb6 11. Qa4 e5 12. Bxc6 bxc6 13. dxe5 Nxe5 14. Nxe5 Rxe5
15. Bf4 Re8 16. Nb3 c4 17. Nd4 Bd7 18. b4 a5 19. a3 axb4 20. Qxb4 Qa7 21. Bd6
1/2-1/2

[Event "Gibtelecom Masters 2nd"]
[Site "Gibraltar"]
[Date "2004.02.01"]
[Round "6.33"]
[White "Bryn, Askild"]
[Black "Harstad, Christian"]
[Result "0-1"]
[WhiteElo "1977"]
[BlackElo "2113"]
[PlyCount "72"]
[EventDate "2004.01.27"]
[EventType "swiss"]
[EventRounds "10"]
[EventCountry "GGB"]
[SourceTitle "BritBase"]
[Source "www.saund.co.uk"]
[SourceDate "2018.02.10"]
[SourceVersion "1"]
[SourceVersionDate "2018.02.10"]
[SourceQuality "1"]

1. e4 e5 2. Nf3 Nc6 3. Bc4 Nf6 4. Ng5 Bc5 5. Bxf7+ Ke7 6. Bd5 Rf8 7. d3 Bxf2+
8. Kxf2 Nxd5+ 9. Ke1 Nf6 10. Be3 d6 11. Kd2 Bg4 12. Nf3 Qd7 13. h3 Bh5 14. Rf1
h6 15. Qe1 Rae8 16. Qh4 Kd8 17. g4 Bg6 18. Nc3 Kc8 19. g5 hxg5 20. Nxg5 d5 21.
exd5 Nxd5 22. Nxd5 Qxd5 23. Qg4+ Kb8 24. Ne4 Bxe4 25. Qxe4 Qa5+ 26. Ke2 Rh8 27.
c3 Rxh3 28. a4 Ne7 29. Rf7 Nd5 30. Bf2 Nf6 31. Qg2 Rhh8 32. Kd1 Qa6 33. Kc2 e4
34. dxe4 Qe2+ 35. Kb3 Nxe4 36. Re1 Nc5+ 0-1

[Event "Gibtelecom Masters 2nd"]
[Site "Gibraltar"]
[Date "2004.02.01"]
[Round "6.34"]
[White "Upton, Timothy"]
[Black "Eliassen, Erik"]
[Result "1/2-1/2"]
[WhiteElo "2285"]
[BlackElo "1956"]
[PlyCount "55"]
[EventDate "2004.01.27"]
[EventType "swiss"]
[EventRounds "10"]
[EventCountry "GGB"]
[SourceTitle "BritBase"]
[Source "www.saund.co.uk"]
[SourceDate "2018.02.10"]
[SourceVersion "1"]
[SourceVersionDate "2018.02.10"]
[SourceQuality "1"]

1. e4 c5 2. Nf3 d6 3. d4 cxd4 4. Nxd4 Nf6 5. Nc3 g6 6. Be2 Nc6 7. O-O Bg7 8.
Nb3 O-O 9. Bg5 h6 10. Bh4 Be6 11. f4 Bd7 12. Bf3 Rc8 13. Re1 a6 14. a4 Be6 15.
Kh1 Qd7 16. a5 Bg4 17. e5 Bxf3 18. Qxf3 dxe5 19. fxe5 Nh7 20. e6 Qe8 21. exf7+
Qxf7 22. Qe2 Nf6 23. Rad1 Rfd8 24. Bf2 Nd5 25. Nxd5 Rxd5 26. Rxd5 Qxd5 27. c4
Qe5 28. Qxe5 1/2-1/2

[Event "Gibtelecom Masters 2nd"]
[Site "Gibraltar"]
[Date "2004.02.01"]
[Round "6.35"]
[White "Rios Gonzalez, Jose Antonio"]
[Black "Vinas Guerrero, Carlos A"]
[Result "0-1"]
[WhiteElo "1883"]
[BlackElo "2098"]
[PlyCount "74"]
[EventDate "2004.01.27"]
[EventType "swiss"]
[EventRounds "10"]
[EventCountry "GGB"]
[SourceTitle "BritBase"]
[Source "www.saund.co.uk"]
[SourceDate "2018.02.10"]
[SourceVersion "1"]
[SourceVersionDate "2018.02.10"]
[SourceQuality "1"]

1. d4 d5 2. c4 c6 3. Nf3 Nf6 4. Nc3 e6 5. Bg5 h6 6. Bh4 dxc4 7. e4 g5 8. Bg3 b5
9. Qc2 Nbd7 10. a4 Bb4 11. Be2 Bb7 12. O-O Bxc3 13. bxc3 O-O 14. Rfb1 c5 15.
Nd2 cxd4 16. cxd4 Nb6 17. Be5 bxa4 18. f3 Rc8 19. Qc3 Nh5 20. Rb4 f6 21. Bg3
Nxg3 22. hxg3 a5 23. Rb5 Rc6 24. Rxa5 Rf7 25. Rb5 Rd7 26. Nf1 Rxd4 27. Ne3 Qd6
28. Nd5 Rxd5 29. exd5 exd5 30. Rab1 Ba6 31. Ra5 d4 32. Qe1 Bc8 33. Bxc4+ Nxc4
34. Qe8+ Kg7 35. Ra7+ Rc7 36. Rxc7+ Qxc7 37. Rb8 Nd6 0-1

[Event "Gibtelecom Masters 2nd"]
[Site "Gibraltar"]
[Date "2004.02.01"]
[Round "6.38"]
[White "Amaya Gonzalez, M."]
[Black "Young, Melvyn"]
[Result "0-1"]
[WhiteElo "1920"]
[BlackElo "1717"]
[PlyCount "83"]
[EventDate "2004.01.27"]
[EventType "swiss"]
[EventRounds "10"]
[EventCountry "GGB"]
[SourceTitle "BritBase"]
[Source "www.saund.co.uk"]
[SourceDate "2018.02.10"]
[SourceVersion "1"]
[SourceVersionDate "2018.02.10"]
[SourceQuality "1"]

1. Nf3 f5 2. Nc3 Nf6 3. d3 d6 4. e4 e5 5. h3 f4 6. d4 Qe7 7. dxe5 dxe5 8. Bd3
c6 9. b3 b5 10. Bb2 Nbd7 11. Qd2 g6 12. Nb1 a5 13. a4 b4 14. c3 Nc5 15. cxb4
Nxd3+ 16. Qxd3 Qxb4+ 17. Nbd2 Ba6 18. Qc2 Qb6 19. Nxe5 Bb4 20. Qxc6+ Qxc6 21.
Nxc6 Bxd2+ 22. Kxd2 Nxe4+ 23. Ke1 O-O 24. Nxa5 Rfe8 25. Rc1 Ng3+ 26. Kd2 Nxh1
27. Rxh1 Re2+ 28. Kc3 Rxf2 29. b4 Rxg2 30. Rd1 Rg3+ 31. Kc2 Rc8+ 32. Kb1 Rd3
33. Rxd3 Bxd3+ 34. Ka2 f3 35. Bd4 f2 36. Bxf2 Rc2+ 37. Kb3 Rxf2 38. b5 Bc2+ 39.
Kb4 Rf4+ 40. Nc4 Bd3 41. b6 Bxc4 42. a5 0-1

[Event "Gibtelecom Masters 2nd"]
[Site "Gibraltar"]
[Date "2004.02.02"]
[Round "7.4"]
[White "Davies, Nigel"]
[Black "Kunte, Abhijit"]
[Result "1/2-1/2"]
[WhiteElo "2502"]
[BlackElo "2512"]
[PlyCount "21"]
[EventDate "2004.01.27"]
[EventType "swiss"]
[EventRounds "10"]
[EventCountry "GGB"]
[SourceTitle "BritBase"]
[Source "www.saund.co.uk"]
[SourceDate "2018.02.10"]
[SourceVersion "1"]
[SourceVersionDate "2018.02.10"]
[SourceQuality "1"]

1. Nf3 Nf6 2. c4 e6 3. g3 d5 4. Bg2 Be7 5. O-O O-O 6. d4 dxc4 7. Qc2 a6 8. Qxc4
b5 9. Qc2 Bb7 10. Bg5 Nbd7 11. Nbd2 1/2-1/2

[Event "Gibtelecom Masters 2nd"]
[Site "Gibraltar"]
[Date "2004.02.02"]
[Round "7.6"]
[White "Inarkiev, Ernesto"]
[Black "Bakre, Tejas"]
[Result "0-1"]
[WhiteElo "2606"]
[BlackElo "2446"]
[PlyCount "86"]
[EventDate "2004.01.27"]
[EventType "swiss"]
[EventRounds "10"]
[EventCountry "GGB"]
[SourceTitle "BritBase"]
[Source "www.saund.co.uk"]
[SourceDate "2018.02.10"]
[SourceVersion "1"]
[SourceVersionDate "2018.02.10"]
[SourceQuality "1"]

1. e4 c5 2. Nf3 d6 3. d4 cxd4 4. Nxd4 Nf6 5. Nc3 Nc6 6. Bg5 e6 7. Qd2 Be7 8.
O-O-O O-O 9. f3 a6 10. h4 Nxd4 11. Qxd4 b5 12. Kb1 Qc7 13. Qd2 Rd8 14. Bd3 Bb7
15. Qe1 Rac8 16. g4 b4 17. Ne2 e5 18. Ng3 d5 19. Nf5 a5 20. h5 dxe4 21. fxe4
Nd5 22. Nxe7+ Nxe7 23. Bc1 b3 24. Rh2 a4 25. h6 Ba6 26. Qh1 Bxd3 27. cxd3 g6
28. Bg5 Rd6 29. Rc1 Rc6 30. Rf1 Rc2 31. Qf3 Nd5 32. Rhf2 a3 33. exd5 Rxb2+ 34.
Rxb2 axb2 35. Qxf7+ Qxf7 36. Rxf7 bxa2+ 37. Kxa2 Kxf7 38. Kxb2 Rc5 39. Be3 Rxd5
40. Kc3 Ke6 41. Kc4 Rd8 42. Bc5 Ra8 43. Bb4 Ra2 0-1

[Event "Gibtelecom Masters 2nd"]
[Site "Gibraltar"]
[Date "2004.02.02"]
[Round "7.7"]
[White "Hebden, Mark"]
[Black "Wells, Peter K"]
[Result "1/2-1/2"]
[WhiteElo "2549"]
[BlackElo "2493"]
[PlyCount "91"]
[EventDate "2004.01.27"]
[EventType "swiss"]
[EventRounds "10"]
[EventCountry "GGB"]
[SourceTitle "BritBase"]
[Source "www.saund.co.uk"]
[SourceDate "2018.02.10"]
[SourceVersion "1"]
[SourceVersionDate "2018.02.10"]
[SourceQuality "1"]

1. d4 Nf6 2. Nf3 d5 3. c4 e6 4. Bg5 dxc4 5. Qa4+ Nbd7 6. e4 c5 7. Nbd2 a6 8.
Bxc4 Rb8 9. Qc2 b5 10. Bxe6 fxe6 11. e5 Bb7 12. O-O Be7 13. exf6 gxf6 14. Bh4
Rc8 15. Qb3 Bd5 16. Qe3 Kf7 17. Rfe1 Qg8 18. dxc5 Bxc5 19. Qf4 Qg6 20. Ne4 Qf5
21. Qxf5 exf5 22. Nxc5 Nxc5 23. Nd4 Nd3 24. Re3 Be4 25. f3 Rhd8 26. fxe4 Rxd4
27. exf5 Nxb2 28. Bg3 Rd1+ 29. Rxd1 Nxd1 30. Re6 Rc1 31. Bh4 Ne3+ 32. Kf2 Ng4+
33. Kg3 h5 34. h3 Rc3+ 35. Kf4 Rc4+ 36. Re4 Ne5 37. Rxc4 bxc4 38. Ke4 c3 39.
Ke3 Nc6 40. Kd3 Nb4+ 41. Kxc3 Nxa2+ 42. Kc4 Nc1 43. Be1 Ne2 44. h4 Ke7 45. g3
Ng1 46. Kd5 1/2-1/2

[Event "Gibtelecom Masters 2nd"]
[Site "Gibraltar"]
[Date "2004.02.02"]
[Round "7.8"]
[White "Emms, John"]
[Black "Gallagher, Joseph G"]
[Result "1/2-1/2"]
[WhiteElo "2501"]
[BlackElo "2524"]
[PlyCount "47"]
[EventDate "2004.01.27"]
[EventType "swiss"]
[EventRounds "10"]
[EventCountry "GGB"]
[SourceTitle "BritBase"]
[Source "www.saund.co.uk"]
[SourceDate "2018.02.10"]
[SourceVersion "1"]
[SourceVersionDate "2018.02.10"]
[SourceQuality "1"]

1. e4 c5 2. Nf3 d6 3. d4 cxd4 4. Nxd4 Nf6 5. Nc3 Nc6 6. Bc4 Qb6 7. Nb3 e6 8.
O-O a6 9. Be3 Qc7 10. Bd3 Be7 11. f4 b5 12. Qf3 Bb7 13. Qh3 Nb4 14. a3 Nxd3 15.
cxd3 O-O 16. Rac1 Qd7 17. Na5 Bd8 18. Nxb7 Qxb7 19. f5 Bb6 20. Bxb6 Qxb6+ 21.
Kh1 Rae8 22. Rc2 Qd4 23. Rcf2 d5 24. fxe6 1/2-1/2

[Event "Gibtelecom Masters 2nd"]
[Site "Gibraltar"]
[Date "2004.02.02"]
[Round "7.9"]
[White "Lalic, Bogdan"]
[Black "Vasilevich, Tatjana"]
[Result "1/2-1/2"]
[WhiteElo "2518"]
[BlackElo "2393"]
[PlyCount "37"]
[EventDate "2004.01.27"]
[EventType "swiss"]
[EventRounds "10"]
[EventCountry "GGB"]
[SourceTitle "BritBase"]
[Source "www.saund.co.uk"]
[SourceDate "2018.02.10"]
[SourceVersion "1"]
[SourceVersionDate "2018.02.10"]
[SourceQuality "1"]

1. d4 Nf6 2. c4 e6 3. Nc3 Bb4 4. e3 c5 5. Nge2 cxd4 6. exd4 O-O 7. a3 Be7 8.
Nf4 d5 9. cxd5 Nxd5 10. Ncxd5 exd5 11. Bd3 Bf6 12. O-O Nc6 13. Be3 g6 14. Bb1
Qd6 15. Ba2 Be6 16. g3 Rac8 17. Rc1 Ne7 18. Qf3 Bg7 19. h4 1/2-1/2

[Event "Gibtelecom Masters 2nd"]
[Site "Gibraltar"]
[Date "2004.02.02"]
[Round "7.11"]
[White "Sulskis, Sarunas"]
[Black "Houska, Jovanka"]
[Result "1/2-1/2"]
[WhiteElo "2582"]
[BlackElo "2370"]
[PlyCount "215"]
[EventDate "2004.01.27"]
[EventType "swiss"]
[EventRounds "10"]
[EventCountry "GGB"]
[SourceTitle "BritBase"]
[Source "www.saund.co.uk"]
[SourceDate "2018.02.10"]
[SourceVersion "1"]
[SourceVersionDate "2018.02.10"]
[SourceQuality "1"]

1. e4 c6 2. d3 d5 3. Nd2 e5 4. Ngf3 Bd6 5. d4 exd4 6. exd5 cxd5 7. Bb5+ Nc6 8.
Nxd4 Nge7 9. O-O O-O 10. N2f3 Bg4 11. Be2 Re8 12. Be3 Nf5 13. Nxf5 Bxf5 14. c3
h6 15. Re1 Bc7 16. Nd4 Be4 17. Bf1 Qh4 18. g3 Qf6 19. Nxc6 bxc6 20. Bd4 Be5 21.
Re3 Rab8 22. f3 Bf5 23. Rxe5 Rxe5 24. f4 Rxb2 25. c4 Rc2 26. Bxe5 Qg6 27. Rc1
Rxa2 28. Qb3 Rd2 29. Qe3 Ra2 30. Qb3 Rd2 31. Bc3 Rc2 32. Rxc2 Bxc2 33. Qb8+ Kh7
34. Qxa7 Bd3 35. Bxd3 Qxd3 36. Qd4 Qb1+ 37. Kf2 Qa2+ 38. Bb2 f6 39. cxd5 cxd5
40. Qd3+ Kh8 41. Qe2 Qb1 42. Kg2 Qf5 43. Bd4 Kh7 44. h4 h5 45. Kf2 Kh6 46. Bb2
Qh3 47. Qf3 Qf5 48. Qc3 Qh3 49. Qc1 Qf5 50. Bd4 Kh7 51. Ke1 Qe4+ 52. Qe3 Qb1+
53. Kd2 Qa2+ 54. Kc1 Qc4+ 55. Qc3 Qf1+ 56. Kb2 Kh6 57. Ka3 Qb1 58. Qb3 Qe1 59.
Qd3 Qc1+ 60. Kb4 Qc8 61. f5 Kh7 62. Bb6 Qc6 63. Ka5 Kh8 64. Bf2 Qc1 65. Qf3
Qd2+ 66. Kb5 Kg8 67. Kc6 d4 68. Qd5+ Kh7 69. Qxd4 Qe2 70. Qc5 Qe4+ 71. Kc7 Qf3
72. Qc2 Kh8 73. Kd6 Kh7 74. Kc5 Kh8 75. Kd4 Kh7 76. Be1 Qb7 77. Ke3 Qb6+ 78.
Kf3 Qg1 79. Qe2 Qa7 80. Kg2 Qb7+ 81. Kh2 Qf7 82. Bb4 Kh6 83. Bc5 Kh7 84. Be7
Qe8 85. Kg1 Kh6 86. Qe6 Qb8 87. Bd6 Qb1+ 88. Kg2 Qc2+ 89. Kh3 Qd3 90. Bc5 Kh7
91. Kg2 Qc2+ 92. Bf2 Qd3 93. Kg1 Qb1+ 94. Be1 Qd3 95. Kf2 Qc2+ 96. Ke3 Qc1+ 97.
Kd4 Qb2+ 98. Bc3 Qb1 99. Qe2 Qg1+ 100. Kd5 Qxg3 101. Qxh5+ Kg8 102. Qe8+ Kh7
103. Qc8 Qxh4 104. Kd6 Qe4 105. Qc5 Kh6 106. Qf2 Kg5 107. Bd2+ Kg4 108. Kc5
1/2-1/2

[Event "Gibtelecom Masters 2nd"]
[Site "Gibraltar"]
[Date "2004.02.02"]
[Round "7.12"]
[White "Wippermann, Till"]
[Black "Barua, Dibyendu"]
[Result "1/2-1/2"]
[WhiteElo "2353"]
[BlackElo "2549"]
[PlyCount "118"]
[EventDate "2004.01.27"]
[EventType "swiss"]
[EventRounds "10"]
[EventCountry "GGB"]
[SourceTitle "BritBase"]
[Source "www.saund.co.uk"]
[SourceDate "2018.02.10"]
[SourceVersion "1"]
[SourceVersionDate "2018.02.10"]
[SourceQuality "1"]

1. e4 e6 2. d4 d5 3. e5 c5 4. c3 Nc6 5. Be3 Qb6 6. Qd2 Nh6 7. Nf3 Nf5 8. dxc5
Bxc5 9. Bxc5 Qxc5 10. Bd3 Nfe7 11. O-O Bd7 12. b4 Qb6 13. Qg5 Ng6 14. Nbd2 O-O
15. Qh5 Nce7 16. a4 h6 17. g3 Qc7 18. c4 dxc4 19. Nxc4 Bc6 20. b5 Rad8 21. Be2
Bd5 22. Rac1 Rc8 23. Qg4 Qc5 24. h4 b6 25. Rfe1 f5 26. exf6 Rxf6 27. h5 Nh8 28.
Rc2 Nf7 29. Ne3 Qxc2 30. Nxc2 Rxc2 31. Qb4 Rc5 32. Nh4 Ng5 33. f4 Ne4 34. Qa3
Kf7 35. Ng6 Nxg6 36. hxg6+ Rxg6 37. Bh5 Rc3 38. Bxg6+ Kxg6 39. Qe7 Kh7 40. Rxe4
Bxe4 41. Qxa7 Rxg3+ 42. Kh2 Rg2+ 43. Kh3 Ra2 44. Qxb6 Bf5+ 45. Kg3 Ra3+ 46. Kf2
Rxa4 47. Qd6 Ra2+ 48. Ke3 Rb2 49. b6 Rb3+ 50. Kd2 h5 51. Qd8 Be4 52. Qd4 Bf5
53. Qd8 Be4 54. Qd6 Bd5 55. f5 exf5 56. Qxd5 Rxb6 57. Qxf5+ Kh6 58. Qf4+ Kh7
59. Qe4+ Rg6 1/2-1/2